Modelovanie základných nástrojov fiškálnej politiky SR bakalárska práca
Enregistré dans:
| Auteur principal: | |
|---|---|
| Collectivité auteur: | |
| Autres auteurs: | |
| Format: | Livre |
| Langue: | slovaque |
| Publié: |
Bratislava
2017
|
| Tags: |
Pas de tags, Soyez le premier à ajouter un tag!
|
MARC
| LEADER | 00000nbm a2200000 4500 | ||
|---|---|---|---|
| 001 | 0235521 | ||
| 005 | 20240916084602.1 | ||
| 041 | 0 | |a slo | |
| 044 | |a SK | ||
| 245 | 1 | 0 | |a Modelovanie základných nástrojov fiškálnej politiky SR |b bakalárska práca |c Marek Priebracha ; školiteľ: Brian König |
| 264 | 1 | |a Bratislava |c 2017 | |
| 300 | |a 44 s. | ||
| 100 | 1 | |a Priebracha, Marek | |
| 700 | 1 | |a König, Brian, 1983- | |
| 710 | 2 | |a Fakulta hospodárskej informatiky EU. Katedra operačného výskumu a ekonometrie | |